• 首页
  • 本馆介绍
  • 公告通知
  • 最新文献
  • 馆藏检索
  • 电子资源
  • 读者导购
  • 参考咨询
  • 我的图书馆
  • 登录
  • 详细信息显示
  • 放入我的书架
  • 预约/预借图书
  • 作者相关作品
  • 分类相关作品
  • 丛书相关作品
  • 出版社相关作品

书目信息

  • 表格格式
  • 工作单格式
  • 卡片格式
题名:
耶路撒冷三千年
    
 
作者: 蒙蒂菲奥里 著 ;张倩红 , 马丹静 译
分册: 4  
出版信息: 长沙   湖南文艺出版社  2019.11
页数: 487-996页
开本: 20cm
丛书名:
单 册:
中图分类: K382.09
科图分类:
主题词:
电子资源:
ISBN: 978-7-5404-9395-0
000 01302nam0 2200301 450
001 003890905
005 20201027100328.98
010    @a978-7-5404-9395-0@dCNY42.00,CNY168.00(全4册)
039    @aA310000SHL@bUCS01003890905@c1103604862
100    @a20191128d2019 em y0chiy50 ea
101 1  @achi@ceng
102    @aCN@b430000
105    @aa z 000yy
106    @ar
200 1  @a耶路撒冷三千年@9ye lu sa leng san qian nian@b专著@dJerusalem: the biography@e唯一拥有两种存在的城市:天堂和尘世@h4@f(英)西蒙·蒙蒂菲奥里著@g张倩红,马丹静译@zeng
210    @a长沙@c湖南文艺出版社@d2019.11
215    @a487-996页@c图@d20cm
330    @a本书内容包括:大卫的世界;大卫的崛起;王国和圣殿;犹大的国王们 公元前930年-公元前625年;马比伦的妓女 公元前586年——公元前539年;波斯人 公元前539年——公元前336年等。
333    @a历史爱好者
510 1  @aJerusalem: the biography@zeng
517 1  @a唯一拥有两种存在的城市:天堂和尘世@9wei yi yong you liang zhong cun zai de cheng shi : tian tang he chen shi
607    @a耶路撒冷@x历史@j通俗读物
690    @aK382.09@v5
701  0 @c(英)@a蒙蒂菲奥里@9meng di fei ao li@c(Montefiore, Simon)@4著
702  0 @a张倩红@9zhang qian hong@4译
702  0 @a马丹静@9ma dan jing@4译
801  0 @aCN@b人天书店@c20191128
905    @b1297021-24@dK382.09@e24:4@f4
    
    耶路撒冷三千年=Jerusalem: the biography:唯一拥有两种存在的城市:天堂和尘世.4/(英)西蒙·蒙蒂菲奥里著/张倩红,马丹静译.-长沙:湖南文艺出版社,2019.11
    487-996页:图;20cm
    使用对象:历史爱好者
    
    ISBN 978-7-5404-9395-0:CNY42.00,CNY168.00(全4册)
    本书内容包括:大卫的世界;大卫的崛起;王国和圣殿;犹大的国王们 公元前930年-公元前625年;马比伦的妓女 公元前586年——公元前539年;波斯人 公元前539年——公元前336年等。
●
相关链接 在E读中查询图书 在五车中查询图书 在当当中查询图书 在豆瓣中查询图书


正题名:耶路撒冷三千年     索取号:K382.09/24:4         预约/预借

序号 登录号 条形码 馆藏地/架位号 状态 备注
1 1297021   212970212   第二样本阅览室/ [索取号:K382.09/24:4] 在馆    
2 1297022   212970221   第二借阅区/ [索取号:K382.09/24:4] 在馆    
3 1297023   212970230   第二借阅区/ [索取号:K382.09/24:4] 在馆    
4 1297024   212970249   第二借阅区/ [索取号:K382.09/24:4] 在馆    
唐山师范学院图书馆 欢迎您!
大连网信软件有限公司© 版权所有